000 00408nam a2200157 i 4500
001 50540
003 ES-MaACL
005 20230906162211.0
007 t|
008 030805s1917 it ||||1| ita d
100 1 _aCumont, Franz.
_942163
245 1 0 _aEtudes syriennes /
_cpar Franz Cumont.
260 _a[Rome :
_bs.n.,
_c1917] (
_fJ. Bardi)
300 _aXI, 379 p. ;
_c25 cm.
852 _aES-MaACL
_jF-1331
999 _c50540
_d50540